[Event "20. Torneo Magistral de Elgoibar"]
[Site "Elgoibar ESP"]
[Date "2010.12.19"]
[Round "6.4"]
[White "Franco Alonso, Alejandro"]
[Black "Mirzoev, Azer"]
[Result "1/2-1/2"]
[WhiteElo "2475"]
[BlackElo "2546"]
[PlyCount "101"]
[EventDate "2010.12.14"]
[EventType "tourn"]
[EventRounds "9"]
[EventCountry "ESP"]
[EventCategory "9"]
[Source "lmi"]
[SourceDate "2010.12.14"]

1. Nf3 d5 2. d4 Nf6 3. c4 c6 4. e3 Bf5 5. Nc3 e6 6. Nh4 Be4 7. f3 Bg6 8. Qb3
Qc7 9. Bd2 Nbd7 10. g3 Be7 11. cxd5 exd5 12. Nxg6 hxg6 13. O-O-O O-O-O 14. Kb1
Nf8 15. Rc1 Kb8 16. Bd3 Ne6 17. Ne2 Rh3 18. Rc2 Ka8 19. Qa4 Nd7 20. Ba5 Nb6 21.
Qb3 Rdh8 22. Nc3 Qd6 23. Bxb6 axb6 24. Qxb6 Qb4 25. Qxb4 Bxb4 26. Rg2 Ng5 27.
e4 Nxf3 28. exd5 Bxc3 29. bxc3 cxd5 30. Rf1 Ng5 31. Rff2 Kb8 32. Re2 Rc8 33.
Kb2 f5 34. Kb3 Rc6 35. Re8+ Ka7 36. Rf2 Rb6+ 37. Kc2 Re6 38. Rxe6 Nxe6 39. Bf1
Rh8 40. h4 f4 41. Re2 Nc7 42. Re7 fxg3 43. Rxc7 Rxh4 44. Rxg7 Rh2+ 45. Kb3 g2
46. Bxg2 Rxg2 47. Rd7 Rg5 48. Kb4 Kb6 49. Rd6+ Kc7 50. Kc5 Rg3 51. Rf6 1/2-1/2

[Event "20. Torneo Magistral de Elgoibar"]
[Site "Elgoibar ESP"]
[Date "2010.12.19"]
[Round "6.5"]
[White "Argandoña Riveiro, Iñigo"]
[Black "Astasio Lopez, David"]
[Result "1-0"]
[WhiteElo "2397"]
[BlackElo "2332"]
[PlyCount "107"]
[EventDate "2010.12.14"]
[EventType "tourn"]
[EventRounds "9"]
[EventCountry "ESP"]
[EventCategory "9"]
[Source "lmi"]
[SourceDate "2010.12.14"]

1. Nf3 d5 2. d4 Nf6 3. c4 c6 4. e3 e6 5. b3 Nbd7 6. Bd3 Bd6 7. Bb2 Ne4 8. Bxe4
dxe4 9. Nfd2 f5 10. f4 exf3 11. Nxf3 O-O 12. Nbd2 Qf6 13. Qe2 e5 14. dxe5 Nxe5
15. c5 Bc7 16. Nc4 Nxf3+ 17. gxf3 Qh4+ 18. Qf2 Qxf2+ 19. Kxf2 Be6 20. Nd6 Rad8
21. Be5 a5 22. Rhd1 Rd7 23. Rd3 b6 24. cxb6 Bxb6 25. f4 Bc7 26. Rc1 Bd5 27. Nc4
Bxe5 28. Nxe5 Rd6 29. Kg3 Ra8 30. h4 Kf8 31. Rc5 Ke7 32. Rd4 a4 33. Rxa4 Rxa4
34. bxa4 Be4 35. Nc4 Rg6+ 36. Kh3 Bg2+ 37. Kh2 Bd5 38. Nb6 Be4 39. a3 Kd6 40.
Re5 Rg2+ 41. Kh3 Ra2 42. a5 Bg2+ 43. Kg3 Bd5 44. a6 Rxa3 45. a7 c5 46. Nxd5
Rxa7 47. Rxf5 c4 48. Nc3 Kc6 49. Kf3 Ra3 50. Ne4 Kb6 51. Rc5 Ra4 52. h5 g6 53.
hxg6 hxg6 54. Rc8 1-0

[Event "20. Torneo Magistral de Elgoibar"]
[Site "Elgoibar ESP"]
[Date "2010.12.19"]
[Round "7.1"]
[White "Astasio Lopez, David"]
[Black "Franco Ocampos, Zenon"]
[Result "1/2-1/2"]
[WhiteElo "2332"]
[BlackElo "2517"]
[PlyCount "81"]
[EventDate "2010.12.14"]
[EventType "tourn"]
[EventRounds "9"]
[EventCountry "ESP"]
[EventCategory "9"]
[Source "lmi"]
[SourceDate "2010.12.14"]

1. d4 Nf6 2. Nf3 c5 3. c3 Qc7 4. g3 g6 5. Bg2 Bg7 6. O-O O-O 7. Na3 d6 8. Re1
Nc6 9. e4 Bg4 10. dxc5 dxc5 11. Qc2 Rfd8 12. Bf4 Qc8 13. Nc4 Be6 14. Nfe5 Nxe5
15. Bxe5 Bh6 16. Qa4 Ng4 17. Rad1 Nxe5 18. Nxe5 Qc7 19. Nf3 Qb6 20. b3 Rxd1 21.
Rxd1 Rd8 22. Rxd8+ Qxd8 23. h3 a6 24. Kh2 Kg7 25. Qa3 Qd6 26. Qa5 f6 27. c4 Kf7
28. Qe1 Qd3 29. Qa5 Qd6 30. Qc3 b5 31. Qc2 bxc4 32. bxc4 Qb6 33. Bf1 Qb4 34.
Bd3 a5 35. Ng1 Bd2 36. Ne2 Be1 37. Kg2 a4 38. Nf4 Bd7 39. e5 fxe5 40. Bxg6+
hxg6 41. Qxg6+ 1/2-1/2

[Event "20. Torneo Magistral de Elgoibar"]
[Site "Elgoibar ESP"]
[Date "2010.12.19"]
[Round "7.2"]
[White "Mirzoev, Azer"]
[Black "Argandoña Riveiro, Iñigo"]
[Result "1-0"]
[WhiteElo "2546"]
[BlackElo "2397"]
[PlyCount "99"]
[EventDate "2010.12.14"]
[EventType "tourn"]
[EventRounds "9"]
[EventCountry "ESP"]
[EventCategory "9"]
[Source "lmi"]
[SourceDate "2010.12.14"]

1. d4 d6 2. c4 e5 3. Nf3 e4 4. Nfd2 f5 5. e3 Nf6 6. Nc3 Be7 7. b4 O-O 8. Be2
Kh8 9. O-O c6 10. Nb3 Na6 11. b5 Nc7 12. bxc6 bxc6 13. Ba3 d5 14. Bxe7 Qxe7 15.
Rc1 Ne6 16. Qd2 g5 17. cxd5 cxd5 18. Nc5 Ng7 19. Rb1 a6 20. Rb6 Ra7 21. f4 exf3
22. Bxf3 Qd8 23. Rfb1 Ne4 24. Qe1 Raf7 25. Rb8 Nxc5 26. dxc5 d4 27. Nd1 dxe3
28. Nxe3 f4 29. Ng4 Qd4+ 30. Qf2 Nf5 31. Qxd4+ Nxd4 32. Ne5 Re7 33. Nc4 Nxf3+
34. gxf3 Rc7 35. Nb6 Rxc5 36. Nd7 Bxd7 37. Rxf8+ Kg7 38. Rd8 Bf5 39. Rbd1 Be6
40. a3 Rc3 41. R8d3 Rc2 42. R1d2 Rc1+ 43. Kg2 h5 44. Rd6 Bc4 45. h3 g4 46. hxg4
hxg4 47. fxg4 Rc3 48. Kf2 Rxa3 49. R2d4 Bb3 50. Rb6 1-0

[Event "20. Torneo Magistral de Elgoibar"]
[Site "Elgoibar ESP"]
[Date "2010.12.19"]
[Round "7.3"]
[White "Lariño Nieto, David"]
[Black "Franco Alonso, Alejandro"]
[Result "1-0"]
[WhiteElo "2451"]
[BlackElo "2475"]
[PlyCount "53"]
[EventDate "2010.12.14"]
[EventType "tourn"]
[EventRounds "9"]
[EventCountry "ESP"]
[EventCategory "9"]
[Source "lmi"]
[SourceDate "2010.12.14"]

1. e4 c5 2. Nc3 Nc6 3. g3 g6 4. Bg2 Bg7 5. d3 d6 6. f4 e6 7. Nf3 Nge7 8. O-O
O-O 9. Be3 Nd4 10. e5 dxe5 11. fxe5 Nef5 12. Bf2 Rb8 13. Ne4 Nxf3+ 14. Qxf3
Bxe5 15. Bxc5 Bxb2 16. c3 Bxa1 17. g4 Bd7 18. Bxf8 Kxf8 19. Qf4 Bc6 20. gxf5
exf5 21. Qh6+ Ke8 22. Qg7 Qe7 23. Qh8+ Qf8 24. Qe5+ Kd7 25. Nf6+ Kc8 26. Rxa1
Qd8 27. Nd5 1-0

[Event "20. Torneo Magistral de Elgoibar"]
[Site "Elgoibar ESP"]
[Date "2010.12.19"]
[Round "7.4"]
[White "Muñoz Pantoja, Miguel"]
[Black "Huerga Leache, Mikel"]
[Result "1/2-1/2"]
[WhiteElo "2508"]
[BlackElo "2415"]
[PlyCount "33"]
[EventDate "2010.12.14"]
[EventType "tourn"]
[EventRounds "9"]
[EventCountry "ESP"]
[EventCategory "9"]
[Source "lmi"]
[SourceDate "2010.12.14"]

1. e4 c5 2. g3 d5 3. exd5 Qxd5 4. Nf3 Bg4 5. Be2 Nc6 6. h3 Bf5 7. Nc3 Qd7 8. g4
Bg6 9. Nh4 Nd4 10. d3 e6 11. Bf1 Ne7 12. Bg2 Nec6 13. a3 Ne5 14. O-O Be7 15.
Bf4 Bxh4 16. Bxe5 O-O 17. Ne4 1/2-1/2

[Event "20. Torneo Magistral de Elgoibar"]
[Site "Elgoibar ESP"]
[Date "2010.12.20"]
[Round "8.1"]
[White "Franco Ocampos, Zenon"]
[Black "Paunovic, Dragan"]
[Result "1/2-1/2"]
[WhiteElo "2517"]
[BlackElo "2526"]
[PlyCount "21"]
[EventDate "2010.12.14"]
[EventType "tourn"]
[EventRounds "9"]
[EventCountry "ESP"]
[EventCategory "9"]
[Source "lmi"]
[SourceDate "2010.12.14"]

1. e4 e5 2. Nf3 Nf6 3. Nxe5 d6 4. Nf3 Nxe4 5. Qe2 Qe7 6. d3 Nf6 7. Bg5 Qxe2+ 8.
Bxe2 Be7 9. Nc3 Nc6 10. O-O-O Be6 11. Rhe1 1/2-1/2

[Event "20. Torneo Magistral de Elgoibar"]
[Site "Elgoibar ESP"]
[Date "2010.12.20"]
[Round "8.2"]
[White "Huerga Leache, Mikel"]
[Black "Korneev, Oleg"]
[Result "0-1"]
[WhiteElo "2415"]
[BlackElo "2582"]
[PlyCount "106"]
[EventDate "2010.12.14"]
[EventType "tourn"]
[EventRounds "9"]
[EventCountry "ESP"]
[EventCategory "9"]
[Source "lmi"]
[SourceDate "2010.12.14"]

1. e4 c5 2. Nf3 Nc6 3. d4 cxd4 4. Nxd4 Nf6 5. Nc3 d6 6. f3 e5 7. Nb3 Be7 8. Be3
O-O 9. Nd5 Nxd5 10. exd5 Nb8 11. Bd3 Bh4+ 12. g3 Bg5 13. Bxg5 Qxg5 14. Qd2 Qd8
15. O-O a5 16. Qf2 Nd7 17. Bb5 a4 18. Nd2 Qa5 19. Bxd7 Bxd7 20. Nc4 Qc7 21. Nb6
Ra5 22. b4 axb3 23. axb3 Rb5 24. Nxd7 Qxd7 25. Qd2 Qc7 26. Kh1 Rc5 27. c4 b5
28. Qa5 bxc4 29. Qxc7 Rxc7 30. Rfc1 c3 31. Ra6 Rfc8 32. Rxd6 Kf8 33. Rb6 c2 34.
Kg2 Rc3 35. Kf2 Rd3 36. Rc6 Rxc6 37. dxc6 Rc3 38. Ke2 Ke7 39. Kd2 Rxb3 40. Rxc2
Kd8 41. Rc5 Kc7 42. Rxe5 Rxf3 43. Ra5 Kxc6 44. Ke2 Rf6 45. Ra6+ Kd5 46. Rxf6
gxf6 47. Kf3 Ke5 48. Kg4 f5+ 49. Kg5 f6+ 50. Kh6 f4 51. gxf4+ Kxf4 52. Kxh7 Kg5
53. h4+ Kh5 0-1

[Event "20. Torneo Magistral de Elgoibar"]
[Site "Elgoibar ESP"]
[Date "2010.12.20"]
[Round "8.3"]
[White "Franco Alonso, Alejandro"]
[Black "Muñoz Pantoja, Miguel"]
[Result "1-0"]
[WhiteElo "2475"]
[BlackElo "2508"]
[PlyCount "107"]
[EventDate "2010.12.14"]
[EventType "tourn"]
[EventRounds "9"]
[EventCountry "ESP"]
[EventCategory "9"]
[Source "lmi"]
[SourceDate "2010.12.14"]

1. Nf3 c5 2. c4 Nc6 3. d4 g6 4. d5 Na5 5. e4 Bg7 6. Bd3 d6 7. h3 Nf6 8. Nc3 O-O
9. Bg5 e6 10. O-O h6 11. Be3 e5 12. Qd2 Kh7 13. g4 Ng8 14. Ne2 b6 15. Ng3 Ne7
16. Nh2 g5 17. h4 f6 18. h5 Bd7 19. Rfb1 Qc7 20. Qe2 Rfc8 21. b3 Rcb8 22. Nhf1
Qc8 23. f3 Kg8 24. Nd2 Qc7 25. Rb2 Bf8 26. Rab1 Nc8 27. a3 Nb7 28. Kg2 Be7 29.
Qf2 a5 30. Ne2 Bf8 31. Nc3 Be7 32. Nf1 Bf8 33. Ng3 Be7 34. Nge2 Bf8 35. Nc1 Be7
36. Bf1 Bf8 37. Nd3 Be8 38. Qd2 Be7 39. Bf2 Bf8 40. Be2 Be7 41. b4 cxb4 42.
axb4 axb4 43. Nxb4 Nc5 44. Nb5 Bxb5 45. cxb5 Qd7 46. Nc6 Rb7 47. Ra2 Rxa2 48.
Qxa2 Bf8 49. Qa8 Qc7 50. Ra1 Kh8 51. Bxc5 dxc5 52. d6 Bxd6 53. Bc4 Bf8 54. Rd1
1-0

[Event "20. Torneo Magistral de Elgoibar"]
[Site "Elgoibar ESP"]
[Date "2010.12.20"]
[Round "8.4"]
[White "Argandoña Riveiro, Iñigo"]
[Black "Lariño Nieto, David"]
[Result "0-1"]
[WhiteElo "2397"]
[BlackElo "2451"]
[PlyCount "128"]
[EventDate "2010.12.14"]
[EventType "tourn"]
[EventRounds "9"]
[EventCountry "ESP"]
[EventCategory "9"]
[Source "lmi"]
[SourceDate "2010.12.14"]

1. Nf3 d5 2. d4 e6 3. c4 c5 4. g3 Nc6 5. Bg2 dxc4 6. O-O cxd4 7. Qa4 Bd7 8.
Qxc4 e5 9. Ng5 Nh6 10. Bd5 Qe7 11. Na3 Rc8 12. Bd2 f6 13. Ne6 Nb4 14. Bxb4 Qxb4
15. Nxg7+ Kd8 16. Ne6+ Bxe6 17. Qxb4 Bxb4 18. Bxe6 Rc5 19. Rac1 Re8 20. Bh3
Bxa3 21. bxa3 Rxc1 22. Rxc1 f5 23. e3 Re7 24. e4 Rf7 25. exf5 Nxf5 26. Re1 Ne7
27. Rxe5 Rf3 28. Rb5 b6 29. Rb3 Rc3 30. Be6 Nc6 31. Kf1 Rc1+ 32. Kg2 Ke7 33.
Bf5 h6 34. Be4 Kd6 35. Rb5 Re1 36. Rd5+ Ke6 37. f3 Re2+ 38. Kh3 Re3 39. Rh5 Ne7
40. Rxh6+ Kd7 41. Bc2 Rxa3 42. Rh4 Nc6 43. Be4 d3 44. Bxc6+ Kxc6 45. Rd4 Kc5
46. Rd8 Kc4 47. f4 Rxa2 48. f5 b5 49. g4 b4 50. Kg3 b3 51. Rc8+ Kd4 52. f6 b2
53. Rb8 Ra6 54. Rxb2 Rxf6 55. g5 Rd6 56. Ra2 Ke4 57. Ra4+ Kf5 58. Ra5+ Kg6 59.
Ra1 d2 60. Rd1 a5 61. h4 a4 62. Kg4 Rd4+ 63. Kf3 a3 64. Ke3 Rd8 0-1

[Event "20. Torneo Magistral de Elgoibar"]
[Site "Elgoibar ESP"]
[Date "2010.12.20"]
[Round "8.5"]
[White "Astasio Lopez, David"]
[Black "Mirzoev, Azer"]
[Result "0-1"]
[WhiteElo "2332"]
[BlackElo "2546"]
[PlyCount "122"]
[EventDate "2010.12.14"]
[EventType "tourn"]
[EventRounds "9"]
[EventCountry "ESP"]
[EventCategory "9"]
[Source "lmi"]
[SourceDate "2010.12.14"]

1. d4 Nf6 2. Nf3 c5 3. c3 Qc7 4. g3 g6 5. Bg2 Bg7 6. O-O O-O 7. Re1 d6 8. e4
Nc6 9. dxc5 dxc5 10. Bf4 Qb6 11. Qc2 h6 12. Nbd2 Be6 13. Bf1 Na5 14. Ne5 Rad8
15. Rad1 g5 16. Be3 Qc7 17. Ndc4 Nxc4 18. Nxc4 b5 19. Na3 a6 20. f3 Nh5 21. Qf2
Rc8 22. c4 b4 23. Nc2 Nf6 24. Rd2 Nd7 25. Red1 Ne5 26. b3 f5 27. exf5 Bxf5 28.
Be2 Bxc2 29. Rxc2 Ng4 30. fxg4 Rxf2 31. Bxf2 Rf8 32. Rd5 e6 33. Rd3 Qc6 34.
Rcd2 Bc3 35. Rd1 Rxf2 36. Kxf2 Bd4+ 37. Ke1 Qh1+ 38. Kd2 Qxh2 39. Rf3 e5 40.
Rdf1 e4 41. Rf8+ Kg7 42. R8f7+ Kg6 43. Re7 Bf2 44. Rxe4 Qxg3 45. Bd3 Kg7 46.
Re2 Qf4+ 47. Kc2 Qd4 48. Rfxf2 Qc3+ 49. Kd1 Qxd3+ 50. Kc1 Qd6 51. Rf5 Qc6 52.
Rd5 Qf6 53. Rde5 Qf4+ 54. Kd1 Qxg4 55. Re7+ Kf6 56. Ra7 a5 57. Ra6+ Kg7 58. Ke1
Qg1+ 59. Kd2 Qd4+ 60. Ke1 Qd7 61. Kf1 h5 0-1

[Event "20. Torneo Magistral de Elgoibar"]
[Site "Elgoibar ESP"]
[Date "2010.12.21"]
[Round "9.1"]
[White "Mirzoev, Azer"]
[Black "Franco Ocampos, Zenon"]
[Result "1/2-1/2"]
[WhiteElo "2546"]
[BlackElo "2517"]
[PlyCount "23"]
[EventDate "2010.12.14"]
[EventType "tourn"]
[EventRounds "9"]
[EventCountry "ESP"]
[EventCategory "9"]
[Source "lmi"]
[SourceDate "2010.12.14"]

1. d4 d5 2. c4 c6 3. cxd5 cxd5 4. Nc3 Nf6 5. Bf4 Nc6 6. e3 a6 7. Nf3 Bf5 8. Bd3
Bxd3 9. Qxd3 e6 10. O-O Bd6 11. Bxd6 Qxd6 12. Rac1 1/2-1/2

[Event "20. Torneo Magistral de Elgoibar"]
[Site "Elgoibar ESP"]
[Date "2010.12.21"]
[Round "9.2"]
[White "Lariño Nieto, David"]
[Black "Astasio Lopez, David"]
[Result "1-0"]
[WhiteElo "2451"]
[BlackElo "2332"]
[PlyCount "111"]
[EventDate "2010.12.14"]
[EventType "tourn"]
[EventRounds "9"]
[EventCountry "ESP"]
[EventCategory "9"]
[Source "lmi"]
[SourceDate "2010.12.14"]

1. b3 d5 2. Bb2 Nf6 3. g3 Bf5 4. Nf3 c5 5. Bg2 Nc6 6. O-O e6 7. Nh4 Bg4 8. f4
Be7 9. h3 Bf5 10. g4 Bg6 11. e3 O-O 12. Nxg6 fxg6 13. d3 Bd6 14. c4 Kh8 15. Nd2
Nb4 16. Qe2 d4 17. exd4 Qc7 18. dxc5 Bxf4 19. Rxf4 Qxf4 20. Be5 Qh6 21. Bd6 Nc2
22. Bxf8 Nxa1 23. Bd6 Nc2 24. Bxb7 Rg8 25. Nf1 Qc1 26. c6 Ne8 27. Bc5 Qg5 28.
b4 Qc1 29. Qd2 Qb1 30. b5 Ne1 31. c7 Nxc7 32. Be4 Rd8 33. Be7 Rc8 34. Bh4 Nc2
35. Bf2 Qxa2 36. Ne3 Qa1+ 37. Qd1 a5 38. Qxa1 Nxa1 39. b6 Na6 40. Bb7 Rb8 41.
Bxa6 Rxb6 42. Bb5 Rb7 43. Kf1 Kg8 44. Ke2 Nb3 45. Nc2 Kf7 46. d4 Kf6 47. Be3
Ra7 48. d5 Rb7 49. d6 h6 50. Kd3 e5 51. Kc3 a4 52. Bxa4 Na5 53. g5+ hxg5 54. d7
Rb8 55. Bb6 Nb7 56. c5 1-0

[Event "20. Torneo Magistral de Elgoibar"]
[Site "Elgoibar ESP"]
[Date "2010.12.21"]
[Round "9.3"]
[White "Muñoz Pantoja, Miguel"]
[Black "Argandoña Riveiro, Iñigo"]
[Result "1-0"]
[WhiteElo "2508"]
[BlackElo "2397"]
[PlyCount "101"]
[EventDate "2010.12.14"]
[EventType "tourn"]
[EventRounds "9"]
[EventCountry "ESP"]
[EventCategory "9"]
[Source "lmi"]
[SourceDate "2010.12.14"]

1. e4 d5 2. exd5 Qxd5 3. Nf3 Bg4 4. Be2 Nc6 5. d4 O-O-O 6. Be3 Nf6 7. c4 Qa5+
8. Nc3 e5 9. d5 Bxf3 10. Bxf3 Nd4 11. O-O Nxf3+ 12. Qxf3 Bc5 13. Bg5 Qa6 14.
Rac1 Kb8 15. b3 h6 16. Be3 Bxe3 17. fxe3 h5 18. e4 Qb6+ 19. Qf2 Qd4 20. Nb5
Qxf2+ 21. Rxf2 Rd7 22. Rcf1 Rf8 23. Rf5 Nxe4 24. Rxe5 Nf6 25. Rg5 c6 26. dxc6
bxc6 27. Nc3 Rd3 28. Rxg7 Ne8 29. Rg3 Rxg3 30. hxg3 Nd6 31. c5 Nb7 32. Rf5 Re8
33. Kf2 Rd8 34. Ke3 Rg8 35. Ne4 h4 36. gxh4 Rxg2 37. h5 Nd8 38. Rf2 Rg8 39. h6
Rh8 40. Rf6 Kc7 41. Ng3 Rh7 42. b4 a5 43. a3 axb4 44. axb4 Kd7 45. Rd6+ Kc7 46.
Nf5 Ne6 47. Ke4 Rh8 48. Ke5 Rb8 49. Kf6 Rxb4 50. h7 Rb8 51. Nd4 1-0

[Event "20. Torneo Magistral de Elgoibar"]
[Site "Elgoibar ESP"]
[Date "2010.12.21"]
[Round "9.4"]
[White "Korneev, Oleg"]
[Black "Franco Alonso, Alejandro"]
[Result "1/2-1/2"]
[WhiteElo "2582"]
[BlackElo "2475"]
[PlyCount "90"]
[EventDate "2010.12.14"]
[EventType "tourn"]
[EventRounds "9"]
[EventCountry "ESP"]
[EventCategory "9"]
[Source "lmi"]
[SourceDate "2010.12.14"]

1. e4 c5 2. c3 d5 3. exd5 Qxd5 4. d4 Nf6 5. Nf3 cxd4 6. cxd4 e6 7. Nc3 Qd6 8.
Ne5 Be7 9. Bf4 Qd8 10. Bb5+ Nbd7 11. d5 exd5 12. Nxd5 O-O 13. Nxd7 Nxd5 14.
Qxd5 Bb4+ 15. Kf1 a6 16. Rd1 axb5 17. Nxf8 Qxf8 18. Bd6 Bxd6 19. Qxd6 Be6 20.
Qxf8+ Kxf8 21. a3 b4 22. a4 Rxa4 23. Ke2 Ra8 24. Rd4 b3 25. Rhd1 Ke7 26. Rc1
Ra2 27. Rd2 b5 28. Kd3 Ra7 29. Rc5 Rd7+ 30. Ke3 Rb7 31. Rd4 Bc4 32. Kd2 Ra7 33.
Kc3 Ra1 34. Rcxc4 bxc4 35. Rxc4 Rg1 36. Rg4 g6 37. Kxb3 f5 38. Rg3 Kf6 39. f4
h6 40. h4 Rh1 41. Rc3 Rxh4 42. Rc6+ Kf7 43. Rc7+ Ke6 44. Rc6+ Kf7 45. Rc7+ Ke6
1/2-1/2

[Event "20. Torneo Magistral de Elgoibar"]
[Site "Elgoibar ESP"]
[Date "2010.12.21"]
[Round "9.5"]
[White "Paunovic, Dragan"]
[Black "Huerga Leache, Mikel"]
[Result "1/2-1/2"]
[WhiteElo "2526"]
[BlackElo "2415"]
[PlyCount "29"]
[EventDate "2010.12.14"]
[EventType "tourn"]
[EventRounds "9"]
[EventCountry "ESP"]
[EventCategory "9"]
[Source "lmi"]
[SourceDate "2010.12.14"]

1. d4 Nf6 2. Nf3 c5 3. dxc5 Na6 4. c4 Nxc5 5. Nc3 g6 6. e3 Bg7 7. Be2 O-O 8.
O-O b6 9. Nd4 Bb7 10. b3 d5 11. cxd5 Nxd5 12. Nxd5 Qxd5 13. Bf3 Qd7 14. Bxb7
Qxb7 15. Bb2 1/2-1/2